LEADER 01067nam a2200253 i 4500 001 000000221098 003 CaOOAMICUS 005 20130618000000.0 008 130618s2003 it u000 u ita u 013 $a199995 020 $a88-384-7040-5 040 $aSeMil$bita 100 1 $aDel Boca, Lorenzo.$0(OLS)http://semarc/name/77412 245 10$aIndietro Savoia :$bstoria controcorrente del Risorgimento /$cLorenzo Del Boca. 260 $aCasale Monferrato (AL) :$bPiemme,$c2003. 300 $a281 p. ;$c21 cm. 600 34$aSavoia .$0(OLS)http://semarc/subject/8322 650 4$aRisorgimento italiano.$0(OLS)http://semarc/subject/4116 850 $aSeMil 852 $aSeMil$W1$xVenegono$y1$m3U III 458$j171449$B171449$CSeMilBibl$Z2$F182137 $81 961 $aLascito: Schieppati don Giorgio 996 $6020$a88-384-7040-5$9(OLS)http://semarc/number/219946 996 $6245$aIndietro Savoia :$bstoria controcorrente del Risorgimento$9(OLS)http://semarc/title/316967 996 $6260$aCasale Monferrato (AL) :$bPiemme$9(OLS)http://semarc/publisher/30052 LEADER 01453nam a2200289 i 4500 001 000000066387 003 CaOOAMICUS 005 20130515000000.0 008 130515s2012 it u000 u ita u 013 $a37559 020 $a978-88-222-6134-2 040 $aSeMil$bita 100 1 $aD'Elia, Antonio,$d<1936- >.$0(OLS)http://semarc/name/33305 245 13$aLa peregrinatio poietica di David Maria Turoldo /$cAntonio D'Elia ; prefazione di Dante Della Terza. 260 $aFirenze :$bLeo S. Olschki,$c2012. 300 $aXIV, 179 p. ;$c26 cm. 490 0 $aBiblioteca dell'Archivum romanicum. Serie 1., Storia, letteratura, paleografia ;$v397 600 14$aTuroldo, David Maria .$0(OLS)http://semarc/subject/8237 650 4$aTuroldo, David Maria - Opere poetiche.$0(OLS)http://semarc/subject/10876 700 1 $aDella Terza, Dante,$d<1924-2021>.$0(OLS)http://semarc/name/33306 830 0$aBiblioteca dell'Archivum romanicum. Serie 1., Storia, letteratura, paleografia ;$v397.$0(OLS)http://semarc/title/21787 850 $aSeMil 852 $aSeMil$W1$xVenegono$y1$m1O IV 192$j32540$B32540$CSeMilBibl$Z2$F32543 $81 961 $aAcquisto: LI.CO.SA 996 $6020$a978-88-222-6134-2$9(OLS)http://semarc/number/44003 996 $6245$aLa peregrinatio poietica di David Maria Turoldo$9(OLS)http://semarc/title/105574 996 $6260$aFirenze :$bLeo S. Olschki$9(OLS)http://semarc/publisher/29957